Les albums de 2pac - Statistiques

Statistiques générales
  • Ce quiz a été pris 109 fois
  • Le résultat moyen est 4 sur 12
Statistiques - réponses
Hint Réponse % Correct
1996 All eyez on me
97%
1995 Me against the world
62%
1991 2pacalypse now
55%
1994 Thug life
26%
1996 The don killuminati - the 7 days theorie
23%
1997 R U Still down ?
22%
1993 Strictly for my niggaz
22%
2001 Until the end of time
22%
2006 Pac's life
21%
2002 Better dayz
13%
2004 Loyal to the game
13%
1999 Still I rise
9%
Aucun quiz correspondant
Distribution des résultats
% des personnes avec chaque résultat
Percentile par nombre de réponses
Votre historique - résultats
Vous n’avez pas pris ce quiz